Tratamiento de fachadas y de elementos arquitectónicos (Record no. 394)

MARC details
000 -CABECERA
campo de control de longitud fija 00996nam a2200217 a 4500
001 - NÚMERO DE CONTROL
campo de control BRCA_459
005 - FECHA Y HORA DE LA ÚLTIMA TRANSACCIÓN
campo de control 20190320203023.0
008 - DATOS DE LONGITUD FIJA--INFORMACIÓN GENERAL
campo de control de longitud fija 270905s1989----sp-#---###---#000-0#spa-#
020 ## - NÚMERO INTERNACIONAL ESTÁNDAR DEL LIBRO
Número Internacional Estándar del Libro 8450590655
050 #4 - SIGNATURA TOPOGRÁFICA DE LA BIBLIOTECA DEL CONGRESO
Número de clasificación NB1288
Número de documento/Ítem .T73 1989
245 10 - MENCIÓN DE TÍTULO
Título Tratamiento de fachadas y de elementos arquitectónicos
Resto del título instrucciones técnicas para la restauración de los acabados
Mención de responsabilidad, etc. programado y dirigido por Lluís Gelpí ; encargado de su desarrollo Emili Tó.
260 ## - PUBLICACIÓN, DISTRIBUCIÓN, ETC.
Lugar de publicación, distribución, etc. Barcelona
Nombre del editor, distribuidor, etc. Cambra Oficial de la Propietat Urbana de Barcelona
Fecha de publicación, distribución, etc. 1989
300 ## - DESCRIPCIÓN FÍSICA
Extensión 188 p.
Otras características físicas il. (algunas a color), tablas, graficas
Dimensiones 26 cm.
500 ## - NOTA GENERAL
Nota general Incluye índice de laboratorios y centros de ensayo y de investigación
500 ## - NOTA GENERAL
Nota general Incluye el folleto ´Restauración de elementos arquitectónicos exteriores: Esquemas operativos´
504 ## - NOTA DE BIBLIOGRAFÍA, ETC.
Nota de bibliografía, etc. Bibliografía : p. 183-188
650 14 - PUNTO DE ACCESO ADICIONAL DE MATERIA--TÉRMINO DE MATERIA
Término de materia o nombre geográfico como elemento de entrada Fachadas
Subdivisión general Conservación y restauración
Subdivisión geográfica España
9 (RLIN) 1578
700 1# - PUNTO DE ACCESO ADICIONAL--NOMBRE DE PERSONA
Nombre de persona Gelpí, Lluis
9 (RLIN) 1579
700 1# - PUNTO DE ACCESO ADICIONAL--NOMBRE DE PERSONA
Nombre de persona Tó, Emili
9 (RLIN) 1580
942 ## - ELEMENTOS DE PUNTO DE ACCESO ADICIONAL (KOHA)
Fuente del sistema de clasificación o colocación Library of Congress Classification
Tipo de ítem Koha Libros
Holdings
Estado de retiro Estado de pérdida Estado dañado No para préstamo Localización permanente Ubicación/localización actual Fecha de adquisición Total de préstamos Signatura topográfica completa Código de barras Fecha visto por última vez Precio válido a partir de Tipo de ítem Koha
El ejemplar forma parte de la colección y puede ser consultado según las políticas vigentes.       Biblioteca del Museo Franz Mayer (Rogerio Casas-Alatriste) Biblioteca del Museo Franz Mayer (Rogerio Casas-Alatriste) 25/06/2008   NB1288 .T73 1989 00759 22/03/2019 22/03/2019 Libros